| 000 | 00607nam a2200181Ia 4500 | ||
|---|---|---|---|
| 999 |
_c7474 _d7474 |
||
| 003 | GBCCL | ||
| 005 | 20241126110629.0 | ||
| 008 | 180816b ||||| |||| 00| 0 eng d | ||
| 040 | _cgbc | ||
| 082 |
_a289.9092 _bDUN |
||
| 100 |
_aDunwoody, Richard G _913213 |
||
| 245 |
_aGod blessed me with a heart attack : _ban adventure in trust |
||
| 260 |
_aGrand Rapids, Mich. : _bZondervan Pub. House, _c©1961. |
||
| 650 |
_aDunwoody, Richard G. _913214 |
||
| 650 |
_aEvangelical United Brethren Church -- Clergy -- Biography. _913215 |
||
| 650 |
_aEvangelical United Brethren Church. _913216 |
||
| 942 |
_2ddc _cBK |
||